| 000 | 01457nam a22003257a 4500 | ||
|---|---|---|---|
| 999 |
_c1996 _d1996 |
||
| 003 | AR-CdUCM | ||
| 008 | 190228b ||||| |||| 00| 0 spa d | ||
| 020 | _a9789972978371 | ||
| 040 |
_aMUNICIPALIDAD PROVINCIAL DEL CUSCO _cBIBLIOTECA MUNICIPAL DEL CUSCO |
||
| 082 |
_a346.431 / _bH77 |
||
| 100 |
_aHostnig, Rainer _91118 |
||
| 245 | _aProceso de composición y titulación de tierras en Apurímac-Perú : siglos XVI-XX / | ||
| 260 |
_aCusco : _bEditatu, _c2007. |
||
| 300 |
_a2 tomos ; _c30 cm. |
||
| 500 | _aPublicación elaborada en el marco del Proyecto 152 de la KEF-OeAW: Recuperación, análisis y devolución de los títulos históricos de las comunidades de Apurímac, Perú. "Edición auspiciada por: Commission for Development Studies at the Austrian Academy of Sciences (KEF)" | ||
| 505 | _aContenido: t.1. Abancay, Antabamba, Aymaraes, Chincheros -- t.2. Andahuaylas, Cotabambas, Grau, Haciendas y documentos varios. | ||
| 650 |
_aRegistro de la propiedad _97270 |
||
| 650 |
_aHistoria _9136 |
||
| 650 |
_aApurímac (Perú : Departamento) _97271 |
||
| 650 |
_aSiglos XVI-XX _97272 |
||
| 650 |
_aTenencia de la tierra.Titulación _97273 |
||
| 650 |
_aTitulación-Derecho registral _97274 |
||
| 650 |
_aCondiciones sociales _91132 |
||
| 650 |
_aCampesinos _94401 |
||
| 650 |
_aDerecho de propiedad _97275 |
||
| 700 |
_aPalomino Dongo, Ciro _97276 |
||
| 700 |
_aDecoster, Jean-Jacques _92968 |
||
| 942 |
_2ddc _cLIBROS |
||
| 945 | _azta | ||